টুঙ্গিপাড়া: (Record no. 28820)
[ view plain ]
| 000 -LEADER | |
|---|---|
| fixed length control field | 01027nam a22001817a 4500 |
| 003 - CONTROL NUMBER IDENTIFIER | |
| control field | BDDh-ASL |
| 005 - DATE AND TIME OF LATEST TRANSACTION | |
| control field | 20231015030956.0 |
| 008 - FIXED-LENGTH DATA ELEMENTS--GENERAL INFORMATION | |
| fixed length control field | 220602s2022 b ||||| |||| 00| 0 b d |
| 040 ## - CATALOGING SOURCE | |
| Transcribing agency | BDDh-ASL |
| 082 ## - DEWEY DECIMAL CLASSIFICATION NUMBER | |
| Classification number | 923.2 |
| Item number | TUN |
| 245 0# - TITLE STATEMENT | |
| Title | টুঙ্গিপাড়া: |
| Remainder of title | হৃদয়ে পিতৃভূমি / |
| 246 ## - VARYING FORM OF TITLE | |
| Title proper/short title | Tungipara: Hridoye Pritibhumi. |
| 260 ## - PUBLICATION, DISTRIBUTION, ETC. | |
| Place of publication, distribution, etc. | ঢাকা: |
| Name of publisher, distributor, etc. | জাতির পিতা বঙ্গবন্ধু শেখ মুজিবুর রহমানের জন্মশর্তবার্ষিকী উদযাপন জাতীয় কমিটি, |
| Date of publication, distribution, etc. | ২০২২। |
| 300 ## - PHYSICAL DESCRIPTION | |
| Dimensions | ২২ সে.মি. |
| 650 #0 - SUBJECT ADDED ENTRY--TOPICAL TERM | |
| 9 (RLIN) | 4442 |
| Topical term or geographic name entry element | বঙ্গবন্ধু (Bangabandhu) শেখ মুজিবুর রহমান (Sheikh Mujibur Rahman) |
| General subdivision | মুক্তিযুদ্ধ (Muktijuddha) Liberation War |
| Geographic subdivision | বাংলাদেশ (Bangladesh) |
| 700 1# - ADDED ENTRY--PERSONAL NAME | |
| 9 (RLIN) | 6279 |
| Personal name | চৌধুরী, কামাল আবদুল নাসের |
| Titles and other words associated with a name | ড. |
| 942 ## - ADDED ENTRY ELEMENTS (KOHA) | |
| Source of classification or shelving scheme | Dewey Decimal Classification |
| Koha item type | Books |
| Withdrawn status | Lost status | Source of classification or shelving scheme | Damaged status | Not for loan | Collection code | Home library | Current library | Shelving location | Date acquired | Source of acquisition | Total Checkouts | Full call number | Barcode | Date last seen | Copy number | Price effective from | Koha item type |
|---|---|---|---|---|---|---|---|---|---|---|---|---|---|---|---|---|---|
| Dewey Decimal Classification | Non-fiction | Asiatic Society Library | Asiatic Society Library | Bangabondhu Collection | 06/02/2022 | Complementary | 923.2 TUN | 116901 | 06/02/2022 | C-1 | 06/02/2022 | Books |